000 00248nam a22000857a 4500
008 160705b xxu||||| |||| 00| 0 eng d
100 _92145
_a Siddiqui, M.N., et al
245 _aTeaching of Science at Elementary Level
260 _aNew Delhi
_b Arya
_c2005
999 _c1838
_d1838